Statistics for Countries of South America

Click here to take the quiz!

General Stats

  • This quiz has been taken 134,239 times
    (133,619 since last reset)
  • The average score is 11 of 12

Answer Stats

Country % Correct
Brazil
99%
Argentina
98%
Chile
98%
Peru
94%
Colombia
93%
Paraguay
93%
Uruguay
93%
Bolivia
91%
Venezuela
91%
Ecuador
87%
Guyana
79%
Suriname
79%

Score Distribution

Percentile by Number Answered

Percent of People with Each Score

Your Score History

You have not taken this quiz since the last reset